00519 2200193 4500001002100000005001500021008004100036020001800077035001900095041000700114082001000121090001400131100001700145245005100162260003700213300003500250500001100285650002900296INLIS00000000000543720241224113111241224||||||||| | ||| |||| || |  a979-006-351-2 0010-1224005437 aid0 a635.6 a635.6 NEN0 aNENI ROSTINI00a6 Jurus Bertanam Cabai Bebas Hama dan Penyakit aJakartabAgroMedia Pustakac2011 a24x17 cm, vi, 166 hlm.; ilus.: aCet. 1 0aIlmu Terapan -- Budidaya